🐾 Zwierzęta po dziwnym opisie – zgadnij jakie to zwierzę! - Statystyki

Ogólne statystyki
  • Ten quiz został rozwiązany 6 razy
  • Średni wynik to 2 z 17
Statystyki odpowiedzi
Hint Odpowiedź % Poprawnych
Mały niedźwiedź, który uznał, że jest kotem i nie chce dyskutować panda
67%
Szczur z luksusowym futrem i kompleksem wyższości kot
33%
Kot, ale wersja: ‘nie dotykaj mnie, ale podziwiaj’ tygrys
33%
Koń, ale wersja: ‘pracuję w marketingu i piję za dużo kawy zebra
33%
Kot, który uznał, że prawo grawitacji go nie dotyczy gepard
0%
Słoń w trybie stealth, który myśli, że jest niewidzialny hipopotam
0%
Pies, który wygląda jakby cały czas planował dominację świata, ale mu się nie chce husky
0%
Miniaturowy smok bez licencji na ogień” jaszczurka
0%
Kot, który ma 99% lenistwa i 1% nagłego chaosu kot domowy
0%
Ptak, który postanowił być dinozaurem, ale nie wyszło z rozmiaru kurczak
0%
„Owocowy ninja w futrze, który skacze bez sensu, ale skutecznie lemur
0%
Ptak, który jest mały, ale krzyczy jakby był duży mewa
0%
Latający chomik, który uznał, że prawa fizyki to sugestia” nietoperz
0%
Gąbka z oczami, która udaje, że jest mądra ośmiornica
0%
Wąż, który wygląda jak kabel od telefonu, ale bardziej pewny siebie pyton
0%
Kura, która wygląda jakby znała wszystkie sekrety wszechświata, ale ich nie zdradzi sowa
0%
Ptaszek, który brzmi jak alarm i nie przeprasza wróbel
0%
Nie znaleziono quizów pasujących do podanych kryteriów
Rozkład punktacji
Procent ludzi z każdym wynikiem
Percentyl według liczby udzielonych odpowiedzi
Twoja historia wyników
Nie rozwiązałeś tego quizu